Nueva gramática griega compuesta con presencia de las han publicado los mas célebres helenistas de Europa / (Record no. 32283)

MARC details
000 -LEADER
campo de control de longitud fija 00842nam a2200217 i 4500
001 - NÚMERO DE CONTROL
campo de control 32283
003 - IDENTIFICADOR DE NÚMERO DE CONTROL
campo de control ES-MaACL
005 - FECHA Y HORA DE LA ÚLTIMA TRANSACCIÓN
campo de control 20230906154538.0
007 - CAMPO FIJO DE DESCRIPCIÓN FÍSICA--INFORMACIÓN GENERAL
campo de control de longitud fija t|
008 - DATOS DE LONGITUD FIJA--INFORMACIÓN GENERAL
campo de control de longitud fija 030130s1833 sp ||||1| spa d
080 ## - NÚMERO DE LA CLASIFICACIÓN DECIMAL UNIVERSAL
Número de la Clasificación Decimal Universal 811.14'36
100 0# - ENTRADA PRINCIPAL--NOMBRE DE PERSONA
Nombre de persona Bergnes de las Casas, Antonio,
Fechas asociadas al nombre 1801-1879
9 (RLIN) 28006
245 10 - MENCIÓN DEL TÍTULO
Título Nueva gramática griega compuesta con presencia de las han publicado los mas célebres helenistas de Europa /
Mención de responsabilidad, etc. Antonio Bergnes de las Casas.
260 ## - PUBLICACIÓN, DISTRIBUCIÓN, ETC.
Lugar de publicación, distribución, etc. Barcelona :
Nombre del editor, distribuidor, etc. Bergnes y Cía,
Fecha de publicación, distribución, etc. 1833.
300 ## - DESCRIPCIÓN FÍSICA
Extensión 400 p. ;
Dimensiones 23 cm.
530 ## - NOTA DISPONIBLE DE FORMULARIO FÍSICO ADICIONAL
Nota de formato físico adicional disponible Disponible también en sitio web.
650 04 - PUNTO DE ACCESO ADICIONAL DE MATERIA--TÉRMINO DE MATERIA
Término de materia o nombre geográfico como elemento de entrada Lengua griega-
Subdivisión general Gramática.
9 (RLIN) 14245
852 ## - LOCALIZACIÓN
Ubicación ES-MaACL
Número de control de estantería C-3220
856 ## - LOCALIZACIÓN Y ACCESO ELECTRÓNICOS
Identificador Uniforme de Recursos <a href="http://bibliotecadigitalhispanica.bne.es:80/webclient/DeliveryManager?pid=2700936&custom_att_2=simple_viewer">http://bibliotecadigitalhispanica.bne.es:80/webclient/DeliveryManager?pid=2700936&custom_att_2=simple_viewer</a>
Nota pública Ir a la página
Holdings
Estatus retirado Estado de pérdida Estado de daño No para préstamo Colección Biblioteca de origen Biblioteca actual Ubicación en estantería Fecha de adquisición Fuente de adquisición Total de préstamos Signatura topográfica completa Código de barras Visto por última vez Precio de reemplazo Tipo de ítem Koha
        Colección digital Biblioteca del Ateneo de Madrid Biblioteca del Ateneo de Madrid Sala Palomar 17/01/2008     C-3220 1033428 23/02/2023 23/02/2023 Libro impreso antiguo